[Event "Calvia Amateur op 14th"]
[Site "Calvia"]
[Date "2017.10.13"]
[Round "7"]
[White "Mercant Simo, Jaime"]
[Black "Longa Yauca, Javier"]
[Result "1-0"]
[WhiteElo "2067"]
[BlackElo "2249"]
[PlyCount "93"]
[EventDate "2017.10.07"]
[EventType "swiss"]
[EventRounds "9"]
[EventCountry "ESP"]
[SourceTitle "CBM 181 Extra"]
[Source "ChessBase"]
[SourceDate "2017.12.12"]
[SourceVersion "1"]
[SourceVersionDate "2017.12.12"]
[SourceQuality "1"]

1. e4 e5 2. Nf3 d6 3. Bc4 Nf6 4. Nc3 Be7 5. d4 Nbd7 6. 0-0 0-0 7. Re1 c6 8. a4 a5 9. Ba2 Ne8 10. Be3 Bf6 11. Ne2 g6 12. Qd2 Qe7 13. Nc3 Bg7 14. Rad1 Nef6 15. h3 exd4 16. Bxd4 Ne5 17. Nxe5 dxe5 18. Bb6 Re8 19. Qe3 Bf8 20. Rd3 Qb4 21. Red1 Be6 22. Bxe6 Rxe6 23. b3 Kg7 24. Kh2 Be7 25. f3 h5 26. Qf2 h4 27. Be3 Nh5 28. Ne2 b5 29. axb5 cxb5 30. Nc3 Rc8 31. Nd5 Qa3 32. c4 bxc4 33. bxc4 Qa4 34. Nxe7 Rxe7 35. Qxh4 Re6 36. Qg5 Qxc4 37. Rd8 Re8 38. R8d5 Qe2 39. R1d2 Qe1 40. Rd7 Re6 41. Rd8 Re8 42. Rxc8 Rxc8 43. Qxe5+ Kh7 44. Qg5 Kg8 45. Rd7 a4 46. Bf4 Re8 47. Rd8 1-0

[Event "Calvia Amateur op 14th"]
[Site "Calvia"]
[Date "2017.10.09"]
[Round "3"]
[White "Garcia del Rey, Senen"]
[Black "Mercant Simo, Jaime"]
[Result "0-1"]
[WhiteElo "2242"]
[BlackElo "2067"]
[PlyCount "60"]
[EventDate "2017.10.07"]
[EventType "swiss"]
[EventRounds "9"]
[EventCountry "ESP"]
[SourceTitle "CBM 181 Extra"]
[Source "ChessBase"]
[SourceDate "2017.12.12"]
[SourceVersion "1"]
[SourceVersionDate "2017.12.12"]
[SourceQuality "1"]

1. c4 e5 2. g3 Nf6 3. Bg2 d5 4. cxd5 Nxd5 5. Nf3 Nc6 6. 0-0 Nb6 7. b3 Be7 8. Bb2 Bf6 9. Nc3 Bf5 10. d3 Qd7 11. Nd2 0-0-0 12. a4 a5 13. Nde4 Be7 14. Nb5 Bh3 15. Rc1 Bxg2 16. Kxg2 Kb8 17. Nc5 Bxc5 18. Rxc5 f6 19. b4 axb4 20. a5 Nd5 21. Qa4 Nde7 22. Rfc1 Rc8 23. R1c4 Rhd8 24. e4 Qxd3 25. a6 b6 26. a7+ Ka8 27. Rxc6 Nxc6 28. Na3 Rd6 29. Qa6 Ne7 30. Nb5 Qxc4 0-1

[Event "Calvia Amateur op 7th"]
[Site "Calvia"]
[Date "2010.10.14"]
[Round "6"]
[White "Tart, Peter K"]
[Black "Mercant Simo, Jaime"]
[Result "0-1"]
[WhiteElo "1948"]
[BlackElo "2123"]
[PlyCount "36"]
[EventDate "2010.10.09"]
[EventType "swiss"]
[EventRounds "9"]
[EventCountry "ESP"]
[SourceTitle "EXT 2011"]
[Source "ChessBase"]
[SourceDate "2010.11.26"]
[SourceVersion "1"]
[SourceVersionDate "2010.11.26"]
[SourceQuality "1"]

1. e4 e6 2. d4 d5 3. exd5 exd5 4. Bd3 Bd6 5. Qf3 Nc6 6. Ne2 Nb4 7. 0-0 Nxd3 8. Qxd3 Qf6 9. Nd2 Ne7 10. Nf3 h6 11. Ng3 0-0 12. Re1 Ng6 13. h3 Nf4 14. Bxf4 Qxf4 15. Re3 c5 16. dxc5 Bxc5 17. Re5 Qxg3 18. Qf1 Bxh3 0-1

[Event "Politiken Cup 32nd"]
[Site "Copenhagen"]
[Date "2010.08.06"]
[Round "8"]
[White "Mercant Simo, Jaime"]
[Black "Jacobsen, Fredrik Beer"]
[Result "1-0"]
[WhiteElo "2100"]
[BlackElo "1955"]
[PlyCount "83"]
[EventDate "2010.07.31"]
[EventType "swiss"]
[EventRounds "10"]
[EventCountry "DEN"]
[SourceTitle "CBM 137 Extra"]
[Source "ChessBase"]
[SourceDate "2010.09.01"]
[SourceVersion "1"]
[SourceVersionDate "2010.09.01"]
[SourceQuality "1"]

1. e4 e5 2. Nf3 Nc6 3. Bc4 Nf6 4. d3 Bc5 5. c3 0-0 6. Bg5 d6 7. Nbd2 a6 8. b4 Ba7 9. 0-0 Be6 10. Qe2 Qe7 11. Kh1 h6 12. Be3 d5 13. Bxa7 Rxa7 14. Bb3 dxe4 15. dxe4 Raa8 16. Nh4 Ne8 17. Bxe6 Qxe6 18. Nf5 Nd6 19. g4 Nxf5 20. gxf5 Qe7 21. Rg1 Kh7 22. Nc4 g5 23. Ne3 f6 24. Rg3 Qf7 25. Rh3 Kg7 26. Nd5 Rac8 27. Rd1 Rfd8 28. Rhd3 Kh8 29. Qd2 Rd6 30. a4 Rcd8 31. Qe2 Nb8 32. R1d2 c6 33. Nf4 Rxd3 34. Rxd3 Rxd3 35. Nxd3 Qb3 36. Nc5 Qxc3 37. Qh5 Qxb4 38. Qxh6+ Kg8 39. Qg6+ Kh8 40. Qxf6+ Kh7 41. Qg6+ Kh8 42. f6 1-0

[Event "Politiken Cup 32nd"]
[Site "Copenhagen"]
[Date "2010.08.01"]
[Round "2"]
[White "Mercant Simo, Jaime"]
[Black "Cmilyte, Viktorija"]
[Result "0-1"]
[WhiteElo "2100"]
[BlackElo "2527"]
[PlyCount "108"]
[EventDate "2010.07.31"]
[EventType "swiss"]
[EventRounds "10"]
[EventCountry "DEN"]
[SourceTitle "CBM 137 Extra"]
[Source "ChessBase"]
[SourceDate "2010.09.01"]
[SourceVersion "1"]
[SourceVersionDate "2010.09.01"]
[SourceQuality "1"]

1. e4 e5 2. Nf3 Nc6 3. Bc4 Bc5 4. 0-0 Nf6 5. d4 Bxd4 6. Nxd4 Nxd4 7. f4 d6 8. fxe5 dxe5 9. Bg5 Be6 10. Na3 Qe7 11. c3 Bxc4 12. Nxc4 Ne6 13. Bxf6 Qc5+ 14. Kh1 gxf6 15. Na3 Rg8 16. g3 Rg6 17. Qd3 Qc6 18. Qb5 Qxb5 19. Nxb5 Rd8 20. Rf2 a6 21. Na3 Nc5 22. Re2 Rg4 23. Rae1 h5 24. b4 Na4 25. Nb1 h4 26. Kg2 Ke7 27. Re3 Nb2 28. Kh3 Rg7 29. Rf3 Nd3 30. Ree3 hxg3 31. hxg3 Nf4+ 32. Kh2 Rh7+ 33. Kg1 Rd1+ 34. Rf1 Rh1+ 35. Kxh1 Rxf1+ 36. Kh2 Rf2+ 37. Kh1 Ne6 38. Na3 Rxa2 39. Nc4 b5 40. Na5 c5 41. Rd3 c4 42. Nc6+ Kf8 43. Rf3 Ng5 44. Re3 Rd2 45. Kg1 Ke8 46. Na5 Kd7 47. Nb7 Kc6 48. Na5+ Kc7 49. Kf1 Rd3 50. Rxd3 cxd3 51. c4 Nxe4 52. c5 Nxg3+ 53. Ke1 e4 54. Nb3 f5 0-1

[Event "Calvia Amateur op 6th"]
[Site "Calvia"]
[Date "2009.10.12"]
[Round "2"]
[White "Mercant Simo, Jaime"]
[Black "Gaya Llodra, Juan"]
[Result "0-1"]
[WhiteElo "2056"]
[BlackElo "2218"]
[PlyCount "96"]
[EventDate "2009.10.10"]
[EventType "swiss"]
[EventRounds "9"]
[EventCountry "ESP"]
[SourceTitle "CBM 132 Extra"]
[Source "ChessBase"]
[SourceDate "2009.11.03"]
[SourceVersion "1"]
[SourceVersionDate "2009.11.03"]
[SourceQuality "1"]

1. e4 Nf6 2. e5 Nd5 3. Nc3 Nxc3 4. dxc3 d6 5. Bc4 e6 6. Nf3 Be7 7. Bf4 d5 8. Bd3 c5 9. c4 Nc6 10. a3 a6 11. 0-0 g5 12. Bg3 h5 13. h3 Bd7 14. c3 Na5 15. Nd2 b5 16. cxb5 axb5 17. Be2 h4 18. Bh2 Bc6 19. Bh5 d4 20. f4 dxc3 21. bxc3 Rxh5 22. Qxh5 Qxd2 23. Rf2 Qxc3 24. Rd1 Bd5 25. fxg5 0-0-0 26. Rxf7 Qe3+ 27. Kh1 Qxg5 28. Qxg5 Bxg5 29. Rb1 Nb3 30. Bf4 Rg8 31. Bxg5 Rxg5 32. Rb2 Rxe5 33. Rh7 Rf5 34. Rxh4 Kc7 35. Kh2 Nd4 36. Rh7+ Kd6 37. g4 Rf3 38. g5 Rxa3 39. Rf7 Nf3+ 40. Rxf3 Rxf3 41. Rxb5 Rb3 42. Ra5 Rb2+ 43. Kg3 Rg2+ 44. Kf4 e5+ 45. Kf5 Be6+ 46. Ke4 Ra2 47. Rxa2 Bxa2 48. h4 Bb1+ 0-1

[Event "Calvia op 3rd"]
[Site "Calvia"]
[Date "2006.10.25"]
[Round "6"]
[White "Mercant Simo, Jaime"]
[Black "Ali, Ehsan"]
[Result "0-1"]
[WhiteElo "2108"]
[BlackElo "2236"]
[PlyCount "40"]
[EventDate "2006.10.20"]
[EventType "swiss"]
[EventRounds "9"]
[EventCountry "ESP"]
[SourceTitle "EXT 2007"]
[Source "ChessBase"]
[SourceDate "2006.11.23"]
[SourceVersion "1"]
[SourceVersionDate "2006.11.23"]
[SourceQuality "1"]

1. e4 e5 2. Nf3 Nc6 3. Bb5 f5 4. d4 fxe4 5. Nxe5 Nxe5 6. dxe5 c6 7. Bc4 Qa5+ 8. Bd2 Qxe5 9. Bc3 Qg5 10. Bxg8 Rxg8 11. 0-0 d5 12. f3 Bf5 13. Qd4 Bd6 14. Nd2 0-0-0 15. fxe4 dxe4 16. Qxa7 Bh3 17. Qa8+ Bb8 18. g3 Rxd2 19. Rf4 Qc5+ 20. Kh1 Bg2# 0-1